000
00262 a2200121 4500
005
20251218135645.0
020
_a
9789365891034
100
_a
Kanetkar Y.P.
_9
215898
245
_a
Let Us Python
250
_a
7th
260
_b
BPB Publications
_c
2019
942
_c
AR
999
_c
369430
_d
369430